Statistics for Queen Elizabeth II's Prime Ministers

Click here to take the quiz!

General Stats

  • This quiz has been taken 74 times
  • The average score is 11 of 14

Answer Stats

YearsAnswer% Correct
1979-90Margaret Thatcher
100%
2010-16David Cameron
98%
1997-2007Tony Blair
98%
1952-55Winston Churchill
98%
2007-10Gordon Brown
97%
2016-presentTheresa May
95%
1990-97John Major
89%
1970-74Edward Heath
72%
1964-70Harold Wilson
68%
1974-76Harold Wilson
68%
1955-57Anthony Eden
60%
1976-79James Callaghan
58%
1957-63Harold Macmillan
52%
1963-64Alec Douglas-Home
49%

Score Distribution

Percentile by Number Answered

Percent of People with Each Score

Your Score History

You have not taken this quiz